| 000 | 01040cam4a220031300 4500 | ||
|---|---|---|---|
| 001 | lce00859178 | ||
| 005 | 20190814131120.0 | ||
| 008 | 730514s1973 nyua b 001 0 eng | ||
| 010 | _a 73008626 //r90 | ||
| 020 | _a0808907050 | ||
| 035 | _a(Sirsi) r23855 | ||
| 035 | _a(DLC) 73008626 //r90 | ||
| 035 | _a(UPRA)lce00859178 | ||
| 040 |
_aDLC _cDLC _dDLC _dUPRA |
||
| 050 | 0 | 0 |
_aRC655 _b.P3 |
| 060 | _aWK300 P181h 1973 | ||
| 082 | 0 | 0 | _a616.4/45 |
| 100 | 1 |
_aPaloyan, Edward, 1932- _dPaloyan, Edward, 1932- _6A85750.1 |
|
| 245 | 1 | 0 |
_aHyperparathyroidism / _c[by] Edward Paloyan, Ann M. Lawrence [and] Francis H. Straus. |
| 260 |
_aNew York : _bGrune & Stratton, _c[1973] |
||
| 440 | 0 |
_aModern surgical monographs _6S12759.1 |
|
| 504 | _aIncludes bibliographical references. | ||
| 650 | 0 |
_aHyperparathyroidism. _6S61675.1 |
|
| 650 | 2 |
_aHyperparathyroidism. _6S61675.1 |
|
| 700 | 1 |
_aLawrence, Ann M. _6A85751.1 |
|
| 700 | 1 |
_aStraus, Francis H. _6A85752.1 |
|
| 949 |
_aRC655 _wLC _i-23316 _mMEDICAL _tBOOK _lON-SHELF |
||
| 004 | 23855 | ||
| 999 |
_c42656 _d42656 |
||